| 000 | 005700000a22001810004500 | ||
|---|---|---|---|
| 003 | MACL | ||
| 005 | 20160429125147.0 | ||
| 008 | 160429b xxu||||| |||| 00| 0 eng d | ||
| 040 |
_aMACL _cMACL |
||
| 041 | _aHindi | ||
| 082 | _a800 | ||
| 100 |
_aश्रोत्रिय प्रभाकर _954706 |
||
| 245 |
_aज्ञानपीठ पुरस्कार _b1965 - 2002 |
||
| 260 |
_bभारतीय ज्ञानपीठ _c2005 _aनई दिल्ली |
||
| 350 | _a500 | ||
| 650 |
_aLiterature _954707 |
||
| 942 |
_cHIN _k800/SHR/L _2ddc |
||
| 999 |
_c11197 _d11197 |
||